000 00277nam a22001217a 4500
008 170202b xxu||||| |||| 00| 0 eng d
041 _aeng
080 _a61
100 _a3
101 _aSHM
245 _aAMERICAN SOCITY OF CLINICAL ONCOLOGY
_cPERRY.C MICHAEL
942 _2udc
_cBK
999 _c4372
_d4372